00533pam a2200169 a 4500008004100000020002200041245005400063250001200117260009200129300002800221650002800249700001800277710004100295003000100336005001700337040000900354  a0863411843 (hbk.)00aMicrowave measurements /cedited by A. E. Bailey. a2nd ed. aLondon :bPeter Peregrinus on behalf of the Institution of Electrical Engineers,c1989. axviii, 543 p. ;c24 cm. 0aMicrowave measurements.1 aBailey, A. E.2 aInstitution of Electrical Engineers.20230123133243.0 cNUST